000 00263nam a2200109Ia 4500
008 190912s9999||||xx |||||||||||||| ||und||
100 _aH. Craig Petersen
245 0 _aManagerial Economics
260 _aNew Jersey
_bMcGraw Hill
_c1994
300 _a664
942 _cBK
999 _c7837
_d7837